Shaakt- upnishad, pt.1. (Record no. 526989)

000 -LEADER
fixed length control field 00316nam a22001217a 4500
082 ## - DEWEY DECIMAL CLASSIFICATION NUMBER
Classification number AB41 Si64
100 ## - MAIN ENTRY--PERSONAL NAME
Personal name Singh, Suresh Kumar
9 (RLIN) 46776
245 ## - TITLE STATEMENT
Title Shaakt- upnishad, pt.1.
Statement of responsibility, etc by Suresh Kumar Singh
260 ## - PUBLICATION, DISTRIBUTION, ETC. (IMPRINT)
Place of publication, distribution, etc Allahabad
Name of publisher, distributor, etc Sumitr
Date of publication, distribution, etc 2018
300 ## - PHYSICAL DESCRIPTION
Extent 126p.
650 ## - SUBJECT ADDED ENTRY--TOPICAL TERM
Topical term or geographic name as entry element Hinduism
9 (RLIN) 46777
650 ## - SUBJECT ADDED ENTRY--TOPICAL TERM
Topical term or geographic name as entry element Upnishads
9 (RLIN) 46778
Holdings
Withdrawn status Lost status Source of classification or shelving scheme Damaged status Koha normalized classification for sorting Not for loan Permanent location Current location Shelving location Date acquired Full call number Barcode Date last seen Price effective from Koha item type
        AB_41_000000000000000_SI64   Indian Institute of Public Administration Indian Institute of Public Administration On Display 2024-07-26 AB41 Si64 Gr24824 2024-07-26 2024-07-26 GR

Powered by Koha